Ekonomika a organizácia práce v národnom hospodárstve
Salvato in:
| Autore principale: | |
|---|---|
| Ente Autore: | |
| Natura: | Libro |
| Lingua: | slovacco |
| Pubblicazione: |
Bratislava
Alfa
1989
|
| Edizione: | 1. vyd. |
| Serie: | Edícia ekonomickej literatúry
|
| Tags: |
Nessun Tag, puoi essere il primo ad aggiungerne!!
|
MARC
| LEADER | 00000nam a2200000 4500 | ||
|---|---|---|---|
| 001 | c034673 | ||
| 005 | 20230116100447.6 | ||
| 020 | |a 80-05-00110-X | ||
| 041 | 0 | |a slo | |
| 044 | |a SK | ||
| 245 | 1 | 0 | |a Ekonomika a organizácia práce v národnom hospodárstve |c Jozef Mihalik |
| 250 | |a 1. vyd. | ||
| 264 | 1 | |a Bratislava |b Alfa |c 1989 | |
| 300 | |a 399 s. | ||
| 490 | 1 | |a Edícia ekonomickej literatúry | |
| 830 | 0 | |a Edícia ekonomickej literatúry | |
| 100 | 1 | |a Mihalik, Jozef | |
| 710 | 2 | |a Vysoká škola ekonomická v Bratislave | |